Pocket Genius: Inventions: Facts at Your Fingertips (Record no. 49014)
| 000 -LEADER | |
|---|---|
| fixed length control field | 00371nam a22001217a 4500 |
| 008 - FIXED-LENGTH DATA ELEMENTS--GENERAL INFORMATION | |
| fixed length control field | 250722b |||||||| |||| 00| 0 eng d |
| 020 ## - INTERNATIONAL STANDARD BOOK NUMBER | |
| International Standard Book Number | 9781465446060 |
| 100 ## - MAIN ENTRY--PERSONAL NAME | |
| Personal name | DK Delhi (Author) |
| 9 (RLIN) | 86386 |
| 245 ## - TITLE STATEMENT | |
| Title | Pocket Genius: Inventions: Facts at Your Fingertips |
| 260 ## - PUBLICATION, DISTRIBUTION, ETC. (IMPRINT) | |
| Place of publication, distribution, etc | New York |
| Name of publisher, distributor, etc | DK Children |
| Date of publication, distribution, etc | 2016 |
| 300 ## - PHYSICAL DESCRIPTION | |
| Extent | 160 pages |
| Other physical details | col. ill. |
| Dimensions | 3.88 x 0.4 x 5 inches |
| 942 ## - ADDED ENTRY ELEMENTS (KOHA) | |
| Source of classification or shelving scheme | |
| Withdrawn status | Lost status | Source of classification or shelving scheme | Damaged status | Not for loan | Collection code | Home library | Current library | Date acquired | Total Checkouts | Full call number | Barcode | Date last seen | Date checked out | Price effective from | Koha item type |
|---|---|---|---|---|---|---|---|---|---|---|---|---|---|---|---|
| Non-Fiction | Asian Hope Siem Reap | Asian Hope Siem Reap | 07/22/2025 | 1 | NFIC DKD | 209023 | 04/09/2026 | 04/02/2026 | 07/22/2025 | Book |